| 000 | 00363nam a22001457a 4500 | ||
|---|---|---|---|
| 020 | _a9788123906607 | ||
| 082 |
_a532 _bGUP/FL |
||
| 100 | _aGupta, V.P | ||
| 245 | _aFluid mechanics, fluid machines and hydraulics | ||
| 250 | _a3rd | ||
| 260 |
_aNew Delhi _bCBS Publishers & Distributors _c2009 |
||
| 700 | _aSingh, Alam | ||
| 700 | _aGupta, Manish | ||
| 942 | _cBK | ||
| 999 |
_c13933 _d13933 |
||